000 aam a22 a 4500
999 _c324183
_d324183
003 BLK
005 20201007040455.0
008 181011b bu ||||| |||| 00| 0 bu d
020 _a978-954-8483-09-4
040 _aBLK
041 _aBUL
_cBUL
080 _aБългарска литература
_b821.163.2
_x-1
_z821.163.2-1
100 _aКоларова-Шиндлер, Румена
_eпърви автор
_91299
139 _aКоларова-Шиндлер, Румена
245 _aВместо молитва
_cРумена Шиндлер-Коларова ; ред. Нели Пигулева
260 _bПарнас
_cб.г.
_aРусе
300 _a48 с.
_c20 см
380 _aX
700 _91311
_aПигулева, Нели Димитрова
_eред.
852 _aЦб 289687
_bЦб
942 _cKNG
_2udc
_n0